| 000 | 00325nam a2200097Ia 4500 | ||
|---|---|---|---|
| 008 | 220216s9999 xx 000 0 und d | ||
| 100 | _aSethuraj M R | ||
| 245 | 0 | _aPhysiology of growth and yield in Hevea brasiliensis | |
| 260 |
_bProceedings of the International Rubber Conference, 1985, Kuala Lumpur, V 3:3 _c1985 |
||
| 942 | _cJS | ||
| 999 |
_c65015 _d65015 |
||